| LEADER | 00559nam a2200181 a 4500 | ||
|---|---|---|---|
| 001 | TVCDKTCT897 | ||
| 003 | Thư viện trường Cao đẳng Kỹ thuật Cao Thắng | ||
| 005 | 20050804000000 | ||
| 008 | 050804 | ||
| 980 | \ | \ | |a Thư viện Trường CĐ Kỹ Thuật Cao Thắng |
| 024 | |a RG_1 #1 eb0 i1 | ||
| 041 | 0 | # | |a vie |
| 082 | # | # | |a 530 / |b G400N-p |
| 100 | 1 | # | |a L.M Gonom |
| 245 | 0 | 0 | |a Lý hóa nền tảng của công nghệ nhuộm / |c L.M Gonom |
| 260 | # | # | |a Leningrat : |b Leningrat , |c 1974 |
| 300 | # | # | |a 208tr. ; |c 24cm |
| 650 | # | 4 | |a Lý -hóa |